Statistics for Bristol City Current Squad

Click here to take the quiz!

General Stats

  • This quiz has been taken 164 times
    (7 since last reset)
  • The average score is 22 of 31

Answer Stats

#Players% Correct
3Cameron Pring
100%
17Mark Sykes
100%
1Max O'Leary
100%
21Nahki Wells
100%
7Scott Twine
100%
26Zak Vyner
100%
24Haydon Roberts
86%
34Joseph James
86%
MLiam Manning
86%
6Matty James
86%
15Tommy Conway
86%
11Anis Mehmeti
71%
9Harry Cornick
71%
12Jason Knight
71%
8Joe Williams
71%
16Rob Dickie
71%
5Robert Atkinson
71%
20Sam Bell
71%
22Taylor Gardner-Hickman
71%
47Abedire Mebude
57%
10Andy King
57%
18Ayman Benarous
57%
19George Tanner
57%
27Jamie Knight-Lebel
57%
4Kal Naismith
57%
2Ross McCrorie
57%
23Stefan Bajic
57%
36Jed Meerholz
43%
30Raekwon Nelson
43%
28Raphael Araoye
43%
37Tommy Backwell
43%

Score Distribution

Percentile by Number Answered

Percent of People with Each Score

Your Score History

You have not taken this quiz since the last reset